| 000 | 00688nam a22002055i 4500 | ||
|---|---|---|---|
| 001 | 157964 | ||
| 003 | ES-MaACL | ||
| 005 | 20230906210923.0 | ||
| 008 | 040820s1868 gw |||| | eng d | ||
| 040 |
_aCAM _bspa _cCAM |
||
| 100 | 1 |
_aLongfellow, Henry Wadsworth. _973236 |
|
| 245 | 1 | 4 |
_aThe New-England tragedies / _cby Henry Wadsworth Longfellow. |
| 260 |
_aLeipzig : _bBernhard Tauchnitz, _c1868. |
||
| 300 |
_a258 p. ; _c16 cm. |
||
| 490 | 1 |
_aCollection of british authors ; _v982 |
|
| 505 | 8 | _aContiene: Endicott; Giles Corey of the Salem farms | |
| 830 | 0 |
_aCollection of british authors ; _v982 _9180703 |
|
| 852 |
_aES-MaACL _jG-11819 _z-- Enc. hol. |
||
| 999 |
_c157964 _d157964 |
||